000 00288nam a22001337a 4500
008 170706b xxu||||| |||| 00| 0 eng d
020 _a0866092277
041 _aeng
080 _a821.18
100 _a22
101 _aGJL
245 _aREADING LITERATURE
_cLITTELL, M
942 _2udc
_cBK
999 _c19943
_d19943